000
00316 a2200145 4500
001
171213
020
_a
040
_c
Magnum
100
_a
Almanaque Brasil
240
1
0
_a
Almanaque brasil 2000/2001
_l
por
245
1
0
_a
Almanaque brasil 2000/2001
362
0
_a
1899
697
_a
HISTORIA DO BRASIL
942
_c
BK
999
_c
171213
_d
171213